000 00894nam a2200265 i 4500
001 18241
003 ES-MaACL
005 20260301183651.0
007 t|
008 011010s2001 sp af |||| |dspa j
020 _a84-87863-92-2
080 _a929 Armada, Alfonso (047.53)
080 _a946.0"1981"(093.3)
100 1 _aCuenca Toribio, José Manuel,
_d1939-
_942007
245 1 0 _aConversaciones con Alfonso Armada
_b: el 23F /
_cJosé Manuel Cuenca Toribio.
260 _aMadrid :
_bActas,
_c2001.
300 _a254 p., [24] p. de lám. ;
_c24 cm.
490 1 _aActas/historia
600 1 4 _aArmada, Alfonso,
_d1920-
_vEntrevistas
_922900
651 4 _aEspaña-
_xHistoria-
_y1981, Golpe de Estado-
_vRelatos personales.
_9155321
700 1 _aArmada, Alfonso,
_d1920-
_9149111
830 0 _aActas/historia
_9222886
852 _aES-MaACL
_jL-24954
999 _c18241
_d18241